| 000 | 00721nam a2200253 i 4500 | ||
|---|---|---|---|
| 001 | 107363 | ||
| 003 | ES-MaACL | ||
| 005 | 20250710062728.0 | ||
| 007 | t| | ||
| 008 | 070109s1992 fr ||||1| fre d | ||
| 020 | _a2-13-044092-4 | ||
| 080 | _a336.71(091) | ||
| 100 | 1 |
_aRivoire, Jean. _997748 |
|
| 245 | 1 | 0 |
_aHistoire de la banque / _cJean Rivoire. |
| 250 | _a2em. ed. | ||
| 260 |
_aParis : _bPresses Universitaires de France, _c1992. |
||
| 300 |
_a125 p. ; _c18 cm. |
||
| 490 | 1 |
_aQue sais-je? ; _v456 |
|
| 500 | _aBiblioteca Jacinto MartÃnez Lacalle. | ||
| 650 | 1 | 4 |
_aBancos- _xHistoria. _910491 |
| 830 | 0 | 0 |
_aQue sais-je? _v456 _9180931 |
| 852 |
_aES-MaACL _jE-11514 _bR.139497 |
||
| 999 |
_c107363 _d107363 |
||